MARC

Tag First Indicator Second Indicator Subfields
LEADER 00000cam a2200000 4500
001 in00000099021
005 20150926125553.0
008 760223s1934 azu s00110 engx
010 |a gs 34000177  
035 |a (OCoLC)02007418 
035 |9 AAL3702AM 
040 |a DLC  |c AZN  |d TXA  |d UtOrBLW 
049 |a TXAM  |c 1 [97704]  |c 2 [1165310] 
050 0 |a TN24 .A6  |b A35 no.137 
100 1 |a Wilson, Eldred Dewey,  |d 1898-1965. 
245 1 0 |a Arizona lode gold mines and gold mining /  |c by Eldred D. Wilson, J.B. Cunningham, and G.M. Butler. 
264 1 |a Tucson, Ariz. :  |b Published by the University of Arizona,  |c 1934. 
300 |a 261 pages :  |b illustrations, tables, diagrams, folded map, folded tables ;  |c 23 cm. 
336 |a text  |b txt  |2 rdacontent 
337 |a unmediated  |b n  |2 rdamedia 
338 |a volume  |b nc  |2 rdacarrier 
490 1 |a Arizona. State bureau of mines. Bulletin ;  |v no.137 
490 1 |a Mineral technology ser., no.37 
490 1 |a University of Arizona. Bulletin, vol. V, no. 6, August 15, 1934 
504 |a Bibliographical foot-notes. 
650 0 |a Gold mines and mining  |z Arizona. 
700 1 |a Cunningham, J. B. 
700 1 |a Butler, G. Montague  |q (Gurdon Montague),  |d 1881- 
830 0 |a Bulletin (Arizona Geological Survey) ;  |v no. 137. 
830 0 |a Mineral technology ser., no.37. 
830 0 |a University of Arizona. Bulletin, vol. V, no. 6, August 15, 1934. 
999 |a MARS 
999 f f |s 4d4b302a-7808-334f-a5a5-a31cd4a5e9db  |i b3854ace-0a96-348b-816d-38046d5a825c  |t 0 
952 f f |p ric  |a Texas A&M University  |b Rellis Campus  |c Joint Library Facility  |d Remote Storage  |t 0  |e TN24 .A6 A35 no.137  |h Library of Congress classification  |i unmediated -- volume  |m A14805561668 
998 f f |a TN24 .A6 A35 no.137  |t 0  |l Remote Storage